| 000 | 01064cam a2200217 4500 | ||
|---|---|---|---|
| 001 | ##L133255 | ||
| 008 | 060424n2006 000 0 eng u | ||
| 035 | _a(Sirsi) u133255 | ||
| 041 | 0 | _aeng | |
| 050 | 0 | 4 | _a333.33 $2 18 |
| 110 | 1 |
_aUnited Kingdom _bHM Revenue and Customs _94833 |
|
| 245 | 0 | 0 | _aSurvey of property transactions |
| 260 |
_aLondon _bHMRC _c2006 |
||
| 490 | 0 | _aHM Revenue and Customs Property Transactions Survey | |
| 520 | _aProvides various analyses of property transactions in England and Wales, one analysis of Scottish property transactions and a monthly report covering transactions in England, Wales and Northern Ireland. | ||
| 520 | _aFrom April 2008 HMRC will no longer be receiving details of property transactions below £40 000. | ||
| 650 | 2 | 4 | _aHM REVENUE AND CUSTOMS PROPERTY TRANSACTIONS SURVEY |
| 690 | _aPROPERTY-RESIDENTIAL PROPERTY-RESIDENTIAL PROPERTY MARKET | ||
| 856 | 4 | 0 |
_uhttps://www.hmrc.gov.uk/stats/survey_of_prop/menu.htm _zView the property transactions survey free of charge at www.hmrc.gov.uk... |
| 942 | _n0 | ||
| 999 |
_c105369 _d105369 |
||